000 00595nam a2200181 4500
001 140244
003 ES-MaACL
005 20230906200035.0
007 t|
008 070214s1999 sp r ||||1| spa d
100 1 _aSchulze, Hermann.
_9104799
245 1 0 _aManual práctico del tornero
_b: guía de taller para el torneador de metales /
_cHermann Schulze ; versión de José María Mantero.
250 _a2ª. ed.
260 _aBarcelona :
_bGustavo Gili,
_c1961.
300 _a201 p. :
_bil. ;
_c22 cm.
700 1 _aMantero, José María.
_976154
852 _aES-MaACL
_jC-20783
_bR.49312
999 _c140244
_d140244